Statystyki dla Niemieckie landy

Kliknij tutaj aby rozwiązać quiz!

Ogólne statystyki

  • Ten quiz został rozwiązany 20 razy
  • Średni wynik to 10 z 16

Statystyki odpowiedzi

Landy% Poprawnych
Bawaria
87%
Dolna Saksonia
80%
Saksonia
80%
Brandenburgia
73%
Meklemburgia-Pomorze Przednie
73%
Berlin
67%
Brema
67%
Nadrenia Północna-Westfalia
67%
Hamburg
60%
Saksonia-Anhalt
60%
Szlezwik-Holsztyn
60%
Hesja
53%
Saara
53%
Turyngia
53%
Nadrenia-Palatynat
47%
Badenia-Wirtembergia
40%

Rozkład punktacji

Percentyl według liczby udzielonych odpowiedzi

Procent ludzi z każdym wynikiem

Twoja historia wyników

Nie rozwiązałeś tego quizu